<?xml version="1.0" encoding="UTF-8"?>
<record
    xmlns:xsi="http://www.w3.org/2001/XMLSchema-instance"
    xsi:schemaLocation="http://www.loc.gov/MARC21/slim http://www.loc.gov/standards/marcxml/schema/MARC21slim.xsd"
    xmlns="http://www.loc.gov/MARC21/slim">

  <leader>00490nam a2200181Ia 4500</leader>
  <controlfield tag="005">20250609162249.0</controlfield>
  <controlfield tag="008">008  250505s9999    xx            000 0 eng d</controlfield>
  <datafield tag="020" ind1=" " ind2=" ">
    <subfield code="a">9789350355527</subfield>
  </datafield>
  <datafield tag="040" ind1=" " ind2=" ">
    <subfield code="b">eng</subfield>
    <subfield code="c">ILCL</subfield>
  </datafield>
  <datafield tag="041" ind1=" " ind2=" ">
    <subfield code="a">eng</subfield>
    <subfield code="2">eng</subfield>
  </datafield>
  <datafield tag="084" ind1=" " ind2=" ">
    <subfield code="a">Z24  Q7</subfield>
  </datafield>
  <datafield tag="100" ind1=" " ind2=" ">
    <subfield code="a">Singh, S.P</subfield>
  </datafield>
  <datafield tag="245" ind1=" " ind2="0">
    <subfield code="a">Law of Tort - Including Compensation under the Consumer Protection</subfield>
  </datafield>
  <datafield tag="250" ind1=" " ind2=" ">
    <subfield code="a">7</subfield>
  </datafield>
  <datafield tag="260" ind1=" " ind2=" ">
    <subfield code="a">Haryana</subfield>
    <subfield code="b">Lexis Nexis</subfield>
    <subfield code="c">2017</subfield>
  </datafield>
  <datafield tag="300" ind1=" " ind2=" ">
    <subfield code="a">liii,398p.</subfield>
  </datafield>
  <datafield tag="942" ind1=" " ind2=" ">
    <subfield code="c">TB</subfield>
    <subfield code="2">Colon Classification</subfield>
  </datafield>
  <datafield tag="999" ind1=" " ind2=" ">
    <subfield code="c">1311950</subfield>
    <subfield code="d">1311950</subfield>
  </datafield>
  <datafield tag="952" ind1=" " ind2=" ">
    <subfield code="0">0</subfield>
    <subfield code="1">0</subfield>
    <subfield code="4">0</subfield>
    <subfield code="6">Z24_Q7</subfield>
    <subfield code="7">0</subfield>
    <subfield code="9">1245665</subfield>
    <subfield code="a">ILCL</subfield>
    <subfield code="b">ILCL</subfield>
    <subfield code="d">0007-03-24</subfield>
    <subfield code="e">Apple Books</subfield>
    <subfield code="g">550.00</subfield>
    <subfield code="i">011 dt. 03-07-2024</subfield>
    <subfield code="l">2</subfield>
    <subfield code="o">Z24  Q7</subfield>
    <subfield code="p">IL1863110</subfield>
    <subfield code="r">2026-03-24 11:36:14</subfield>
    <subfield code="s">2026-02-18</subfield>
    <subfield code="w">2025-05-06</subfield>
    <subfield code="y">TB</subfield>
  </datafield>
  <datafield tag="952" ind1=" " ind2=" ">
    <subfield code="0">0</subfield>
    <subfield code="1">0</subfield>
    <subfield code="4">0</subfield>
    <subfield code="6">Z24_Q7</subfield>
    <subfield code="7">0</subfield>
    <subfield code="9">1245666</subfield>
    <subfield code="a">ILCL</subfield>
    <subfield code="b">ILCL</subfield>
    <subfield code="d">0007-03-24</subfield>
    <subfield code="e">Apple Books</subfield>
    <subfield code="g">550.00</subfield>
    <subfield code="i">011 dt. 03-07-2024</subfield>
    <subfield code="l">2</subfield>
    <subfield code="o">Z24  Q7</subfield>
    <subfield code="p">IL1863111</subfield>
    <subfield code="q">2026-02-23</subfield>
    <subfield code="r">2026-02-09 13:58:21</subfield>
    <subfield code="s">2026-02-09</subfield>
    <subfield code="w">2025-05-06</subfield>
    <subfield code="y">TB</subfield>
  </datafield>
  <datafield tag="952" ind1=" " ind2=" ">
    <subfield code="0">0</subfield>
    <subfield code="1">0</subfield>
    <subfield code="4">0</subfield>
    <subfield code="6">Z24_Q7</subfield>
    <subfield code="7">0</subfield>
    <subfield code="9">1245667</subfield>
    <subfield code="a">ILCL</subfield>
    <subfield code="b">ILCL</subfield>
    <subfield code="d">0007-03-24</subfield>
    <subfield code="e">Apple Books</subfield>
    <subfield code="g">550.00</subfield>
    <subfield code="i">011 dt. 03-07-2024</subfield>
    <subfield code="l">4</subfield>
    <subfield code="m">1</subfield>
    <subfield code="o">Z24  Q7</subfield>
    <subfield code="p">IL1863112</subfield>
    <subfield code="q">2026-05-25</subfield>
    <subfield code="r">2026-05-11 15:17:54</subfield>
    <subfield code="s">2026-05-11</subfield>
    <subfield code="w">2025-05-06</subfield>
    <subfield code="y">TB</subfield>
  </datafield>
  <datafield tag="952" ind1=" " ind2=" ">
    <subfield code="0">0</subfield>
    <subfield code="1">0</subfield>
    <subfield code="4">0</subfield>
    <subfield code="6">Z24_Q7</subfield>
    <subfield code="7">0</subfield>
    <subfield code="9">1245668</subfield>
    <subfield code="a">ILCL</subfield>
    <subfield code="b">ILCL</subfield>
    <subfield code="d">0007-03-24</subfield>
    <subfield code="e">Apple Books</subfield>
    <subfield code="g">550.00</subfield>
    <subfield code="i">011 dt. 03-07-2024</subfield>
    <subfield code="l">2</subfield>
    <subfield code="o">Z24  Q7</subfield>
    <subfield code="p">IL1863113</subfield>
    <subfield code="r">2026-05-11 15:17:36</subfield>
    <subfield code="s">2026-03-10</subfield>
    <subfield code="w">2025-05-06</subfield>
    <subfield code="y">TB</subfield>
  </datafield>
  <datafield tag="952" ind1=" " ind2=" ">
    <subfield code="0">0</subfield>
    <subfield code="1">0</subfield>
    <subfield code="4">0</subfield>
    <subfield code="6">Z24_Q7</subfield>
    <subfield code="7">0</subfield>
    <subfield code="9">1245669</subfield>
    <subfield code="a">ILCL</subfield>
    <subfield code="b">ILCL</subfield>
    <subfield code="d">0007-03-24</subfield>
    <subfield code="e">Apple Books</subfield>
    <subfield code="g">550.00</subfield>
    <subfield code="i">011 dt. 03-07-2024</subfield>
    <subfield code="l">2</subfield>
    <subfield code="m">1</subfield>
    <subfield code="o">Z24  Q7</subfield>
    <subfield code="p">IL1863114</subfield>
    <subfield code="q">2026-03-04</subfield>
    <subfield code="r">2026-02-18 09:35:56</subfield>
    <subfield code="s">2026-02-18</subfield>
    <subfield code="w">2025-05-06</subfield>
    <subfield code="y">TB</subfield>
  </datafield>
</record>
